| Tag |
First Indicator |
Second Indicator |
Subfields |
| LEADER |
00000cam a2200000 a 4500 |
| 001 |
in00001409922 |
| 005 |
20151020070419.0 |
| 008 |
941108s1995 nyua b 001 0ceng |
| 010 |
|
|
|a 94061492
|
| 020 |
|
|
|a 0670854344
|
| 035 |
|
|
|a (OCoLC)32514772
|
| 035 |
|
|
|9 AHP8859AM
|
| 040 |
|
|
|a DLC
|c DLC
|d UOK
|d IMD
|d UtOrBLW
|
| 049 |
|
|
|a TXAG
|
| 050 |
0 |
0 |
|a HQ1121
|b .H47 1995
|
| 082 |
0 |
4 |
|a 920.72
|2 20
|
| 245 |
0 |
0 |
|a Herstory :
|b women who changed the world /
|c edited by Ruth Ashby and Deborah Gore Ohrn ; introduction by Gloria Steinem.
|
| 264 |
|
1 |
|a New York :
|b Viking,
|c 1995.
|
| 300 |
|
|
|a xv, 304 pages :
|b illustrations ;
|c 28 cm.
|
| 336 |
|
|
|a text
|b txt
|2 rdacontent
|
| 337 |
|
|
|a unmediated
|b n
|2 rdamedia
|
| 338 |
|
|
|a volume
|b nc
|2 rdacarrier
|
| 504 |
|
|
|a Includes bibliographical references (pages 294-297) and indexes.
|
| 505 |
0 |
|
|a Queen Hatshepsut -- Sappho -- Aspasia -- Cleopatra -- The Trung sisters -- Boudica -- Hypatia -- Empress Theodora -- Wu Chao -- Murasaki Shikibu -- Sultana Razia -- Christine de Pizan -- Joan of Arc -- Queen Isabella I -- La Malinche -- Catherine de Médicis -- Queen Elizabeth I -- Mary Queen of Scots -- Artemisia Gentileschi -- Judith Leyster -- Sor Juana Ines de la Cruz -- Catherine the Great -- Mary Wollstonecraft -- Deborah Sampson -- Jane Austen -- Emma Willard -- Sacajawea -- Sarah Grimké and Angelina Grimké -- La Pola -- Sojourner Truth -- Catharine Beecher -- Dorothea Dix -- Margaret Fuller Harriet Beecher Stowe -- Harriet Tubman -- Elizabeth Cady Stanton -- Charlotte Brontë and Emily Brontë -- Maria Mitchell -- Clara Schumann -- Queen Victoria -- Susan B. Anthony -- Florence Nightingale -- Elizabeth Blackwell -- Clara Barton -- Antoinette Brown Blackwell -- Mary Harris "Mother" Jones -- Lakshmi Bai -- Emily Dickinson -- Louisa May Alcott -- Tz'u-hsi -- Queen Liliuokalani -- Sarah Bernhardt -- Mary Cassatt -- Sarah Winnemucca -- Carry Nation -- Louisa Lawson -- Olive Schreiner -- Fannie Farmer -- Charlotte Perkins Gilman -- Jane Addams -- Ida B. Wells -- Beatrix Potter -- Marie Curie -- Sophia Hayden -- Alexandra David-Neel -- Emma Goldman -- Rosa Luxemburg -- Maria Montessori -- Alexandra Kollontai -- Qiu Jin -- Mary McLeod Bethune -- Huda Shaarawi -- Margaret Sanger -- Helen Keller -- Anna Pavlova -- Virginia Woolf -- Rose Schneiderman -- Gabrielle "Coco" Chanel -- Eleanor Roosevelt -- Georgia O'Keeffe -- Gabriela Mistral -- Ichikawa Fusae -- Bessie Smith -- Martha Graham -- Marian Anderson -- Amelia Earhart -- Golda Meir -- Zora Neale Hurston -- Margaret Mead -- Margaret Bourke-White -- Greta Garbo -- Frida Kahlo -- Rachel Carson -- Simone de Beauvoir --Mother Teresa -- Mildred "Babe" Didrikson -- Mary Leakey -- Indira Gandhi -- Jessie Lopez De La Cruz -- Eva Perón -- Betty Friedan -- Diane Arbus -- Shirley Chisholm -- Margaret Thatcher -- Nguyen Thi Binh -- Jacqueline Kennedy Onassis -- Violeta Chamorro -- Toni Morrison -- Corazon Aquino -- Barbara Jordan -- Valentina Tereshkova -- Marian Wright Edelman -- Wilma Rudolph -- Billie Jean King -- Mairead Corrigan and Betty Williams -- Antonia Novello -- Aung San Suu Kyi -- Wilma Mankiller -- Eka Esu-Williams -- Rigoberta Menchú.
|
| 650 |
|
0 |
|a Women
|x History.
|
| 650 |
|
0 |
|a Women
|v Biography.
|
| 650 |
|
1 |
|a Women
|x Biography.
|
| 700 |
1 |
|
|a Ashby, Ruth.
|
| 700 |
1 |
|
|a Ohrn, Deborah Gore.
|
| 999 |
|
|
|a MARS
|
| 999 |
f |
f |
|s 40dc679a-eaff-36ac-9633-d611dae99ca6
|i cc51ac94-992c-3ef0-93aa-12446971f09c
|t 0
|
| 952 |
f |
f |
|p ric
|a Texas A&M University
|b Rellis Campus
|c Joint Library Facility
|d Remote Storage
|t 0
|e HQ1121 .H47 1995
|h Library of Congress classification
|i unmediated -- volume
|m A14822372064
|
| 998 |
f |
f |
|a HQ1121 .H47 1995
|t 0
|l Remote Storage
|